Central Library OPAC University of Rajshahi

India's freedom struggle, 1857-1947 : (Record no. 25884)

MARC details
000 -LEADER
fixed length control field 00890nam a2200277 a 4500
001 - CONTROL NUMBER
control field 25884
003 - CONTROL NUMBER IDENTIFIER
rucl marc code BD-RjUL
005 - DATE AND TIME OF LATEST TRANSACTION
control field 20211209050936.0
008 - FIXED-LENGTH DATA ELEMENTS--GENERAL INFORMATION
fixed length control field 140319s1988 ii b 001 0 eng d
020 ## - INTERNATIONAL STANDARD BOOK NUMBER
International Standard Book Number 0195622049 :
035 ## - SYSTEM CONTROL NUMBER
System control number (BD-RjUL) 25954
040 ## - CATALOGING SOURCE
Original cataloging agency DLC
Transcribing agency DLC
Modifying agency DLC
-- BD-RjUL
Language of cataloging eng
041 ## - LANGUAGE CODE
Language code of text/sound track or separate title eng
082 00 - DEWEY DECIMAL CLASSIFICATION NUMBER
Classification number 954.03
Edition number 19
Author mark and year HEI 1988
100 1# - MAIN ENTRY--PERSONAL NAME
Personal name Heehs, Peter.
9 (RLIN) 46220
245 10 - TITLE STATEMENT
Title India's freedom struggle, 1857-1947 :
Remainder of title a short history /
Statement of responsibility, etc. Peter Heehs.
260 ## - PUBLICATION, DISTRIBUTION, ETC. (IMPRINT)
Place of publication, distribution, etc. Delhi ;
-- New York :
Name of publisher, distributor, etc. Oxford University Press,
Date of publication, distribution, etc. 1988.
300 ## - PHYSICAL DESCRIPTION
Pagination ix, 199 p. ;
Size 22 cm.
504 ## - BIBLIOGRAPHY, ETC. NOTE
Bibliography, etc Bibliography: p. [187]-189. and Index
650 #0 - SUBJECT ADDED ENTRY--TOPICAL TERM
Topical term or geographic name as entry element Nationalism
Geographic subdivision India
General subdivision History.
9 (RLIN) 43071
651 #0 - SUBJECT ADDED ENTRY--GEOGRAPHIC NAME
Geographic name India
General subdivision Politics and government
Chronological subdivision 1857-1919.
9 (RLIN) 6299
Geographic name India
General subdivision Politics and government
Chronological subdivision 1919-1947.
9 (RLIN) 79534
942 ## - ADDED ENTRY ELEMENTS (KOHA)
Source of classification or shelving scheme Dewey Decimal Classification
Koha item type Books
Holdings
Lost status Source of classification or shelving scheme Damaged status Not for loan Collection code Permanent Location Current Location Shelving location Date acquired Source of acquisition Cost, normal purchase price Total Checkouts Full call number Date last seen Copy number Koha item type
  Dewey Decimal Classification   Added to bundle Non-fiction Central Library, University of Rajshahi Central Library, University of Rajshahi Reading Room 11/09/1990 D. U. P 297.00   954.03 HEI 1988 19/03/2014 C-1 Books